<?xml version="1.0" encoding="UTF-8"?>
<record
    xmlns:xsi="http://www.w3.org/2001/XMLSchema-instance"
    xsi:schemaLocation="http://www.loc.gov/MARC21/slim http://www.loc.gov/standards/marcxml/schema/MARC21slim.xsd"
    xmlns="http://www.loc.gov/MARC21/slim">

  <leader>02685nab a2200337 i 4500</leader>
  <controlfield tag="003">BR-BrBNA</controlfield>
  <controlfield tag="005">20230925103535.0</controlfield>
  <controlfield tag="008">230814b2020    bl.ar|pooa||| 00| 0 eng |</controlfield>
  <datafield tag="040" ind1=" " ind2=" ">
    <subfield code="a">BR-BrBNA</subfield>
    <subfield code="b">eng</subfield>
  </datafield>
  <datafield tag="072" ind1=" " ind2=" ">
    <subfield code="a">H60</subfield>
    <subfield code="b">0336</subfield>
  </datafield>
  <datafield tag="072" ind1=" " ind2=" ">
    <subfield code="a">F03</subfield>
  </datafield>
  <datafield tag="100" ind1=" " ind2=" ">
    <subfield code="a">Garcia, J.R.</subfield>
  </datafield>
  <datafield tag="100" ind1=" " ind2=" ">
    <subfield code="a">Vargas, A.A.M.</subfield>
  </datafield>
  <datafield tag="100" ind1=" " ind2=" ">
    <subfield code="a">Perboni, L.T.</subfield>
  </datafield>
  <datafield tag="100" ind1=" " ind2=" ">
    <subfield code="a">Souza, E.A.</subfield>
  </datafield>
  <datafield tag="100" ind1=" " ind2=" ">
    <subfield code="a">Tessaro, D.</subfield>
  </datafield>
  <datafield tag="100" ind1=" " ind2=" ">
    <subfield code="a">Lucio, F.R.</subfield>
  </datafield>
  <datafield tag="100" ind1=" " ind2=" ">
    <subfield code="a">Agostinetto, D.</subfield>
  </datafield>
  <datafield tag="245" ind1=" " ind2=" ">
    <subfield code="a">Physiological attributes of Enlist E3&#x2122; soybean seed submitted to herbicides application</subfield>
  </datafield>
  <datafield tag="500" ind1=" " ind2=" ">
    <subfield code="a">Publica&#xE7;&#xE3;o on-line; 22 ref.; 3 tables; Summary (En)</subfield>
  </datafield>
  <datafield tag="520" ind1=" " ind2=" ">
    <subfield code="a">

ABSTRACT
Background: Enlist E3&#x2122; soybean is tolerant to 2,4-D, glyphosate and
ammonium-glufosinate and were developed for effective management of
herbicide resistant weeds such as glyphosate Herbicides, even being
selective, can cause damage to crop metabolism, affect growth and
development and interfere with seed physiological quality.
Objective: The aim of this research was to evaluate the physiological
quality of Enlist E3&#x2122; soybean seeds submitted to herbicide application.
Methods: The field trial was carried out in a randomized block design
with four replications. The treatments tested were 2,4-D choline +
glyphosate, 2,4-D choline, glyphosate + 2,4-D amine and ammoniumglufosinate; 
and control without application, sprayed at V6 soybean
growth stage. After harvest, the seeds were submitted to first germination
count, accelerated aging, germination speed index, shoot and root length,
shoot and root dry mass and electrical conductivity tests.
Results: The management of Enlist E3 soybeans with Enlist herbicides
(2,4-D choline + glyphosate and 2,4-D choline) as well as glyphosate +
2,4-D amine and glufosinate did not negatively impact soybean
parameters such as: vigor, germination count, accelerated aging,
germination speed, aerial part and primary root length, aerial part and
root dry mass and electrical conductivity.
Conclusions: Those herbicides can be recommended to be used on post
emergence (V6) of Enlist E3 soybean. 

Keywords:
Glycine max
2,4-D
initial growth
physiological quality</subfield>
  </datafield>
  <datafield tag="650" ind1=" " ind2=" ">
    <subfield code="a">GLYCINE MAX</subfield>
  </datafield>
  <datafield tag="650" ind1=" " ind2=" ">
    <subfield code="a">SOJA</subfield>
  </datafield>
  <datafield tag="650" ind1=" " ind2=" ">
    <subfield code="a">HERBICIDA</subfield>
  </datafield>
  <datafield tag="650" ind1=" " ind2=" ">
    <subfield code="a">CRESCIMENTO</subfield>
  </datafield>
  <datafield tag="650" ind1=" " ind2=" ">
    <subfield code="a">FISIOLOGIA VEGETAL</subfield>
  </datafield>
  <datafield tag="773" ind1="0" ind2=" ">
    <subfield code="0">886</subfield>
    <subfield code="9">1817</subfield>
    <subfield code="d">Londrina-PR : Sociedade Brasileira da Ci&#xEA;ncia das Plantas Daninhas, 1978</subfield>
    <subfield code="o">2023-031024</subfield>
    <subfield code="t">Planta Daninha (Brazil)</subfield>
    <subfield code="x">0100-8358; 1806-9681 (on-line)</subfield>
    <subfield code="g">v. 38 p. 1-6; (2020)</subfield>
    <subfield code="w">BR2023000856</subfield>
  </datafield>
  <datafield tag="856" ind1=" " ind2=" ">
    <subfield code="u">https://www.scielo.br/j/pd/a/CPxxHT5Mss9hSSPXvpxn7yn/?format=pdf&amp;lang=en</subfield>
  </datafield>
  <datafield tag="942" ind1=" " ind2=" ">
    <subfield code="c">Anal&#xED;tica</subfield>
  </datafield>
  <datafield tag="999" ind1=" " ind2=" ">
    <subfield code="c">9803</subfield>
    <subfield code="d">9803</subfield>
  </datafield>
</record>
